00560nam a2200181 a 45000010010000000030011000100080041000210350026000620820018000881000026001062450044001322600052001766500012002289420012002409520091002529980020003439990015003630000-8884ELIB.Books110520 1988  a(ELIB.Books)0000-9032 a266.009 bHes aHesselgrave, David J. aToday's Choices for Tommorrow's Mission bGrand Rapids: Zondervan Publishing House c1988 aMission 2ddccBK 00102ddc4070aKBTSbKBTSd2011-05-20l0p12233r2022-01-22 00:00:00w2022-01-22yBK cbate2011-05-20 c8884d8884